| 000 | 00468nam a2200157 4500 | ||
|---|---|---|---|
| 001 | 145287 | ||
| 003 | ES-MaACL | ||
| 007 | t| | ||
| 008 | 070214s1921 xxk r ||||1| eng d | ||
| 100 | 1 |
_aSpalding, William F. _9107628 |
|
| 245 | 1 | 0 |
_aForeign exchange and foreign bills in theory and in practice / _cWilliam F. Spalding. |
| 250 | _a4ยช. ed. | ||
| 260 |
_aLondon : _bSir Isaac Pitman & Sons, _c1921. |
||
| 300 |
_aXV, 246 p. ; _c22 cm. |
||
| 852 |
_aES-MaACL _jB-3614 |
||
| 999 |
_c145287 _d145287 |
||